000 01104nab a2200277 u 4500
001 09443
003 HDC
007 cr bn ---aaaaa
008 210201c2010 my dr|nes 0 a may d
040 _aHDC
100 _aChe Wan Badrul Alias
_eauthor
_97791
245 0 _a9Bio Cadang Bina Kilang Vaksin Halal / oleh
_cChe Wan Badrul Alias
260 _aKuala Lumpur :
_bThe New Straits Times Press (M) Bhd.,
_c2010
300 _a1 online resource
336 _atext
_2rdacontent
337 _acomputer
_2rdamedia
338 _aonline resource
_2rdacarrier
650 _abuild a vaccine factory
_99779
650 _aHalal Vaccine
_zMalaysia
_99723
710 _aBerita Harian
_eissung body
856 _zRequest full-text at [email protected]
856 _zRequest full-text at [email protected]
942 _2lcc
942 _cNEWS
942 _kNWSC 000067
999 _c6766
_d6766